[Event "Muensterland Verbandsklasse-B 0708"]
[Site "Germany"]
[Date "2007.11.17"]
[Round "3.1"]
[White "Kurzeja, Marian"]
[Black "Richters, Alfred"]
[Result "0-1"]
[WhiteElo "1836"]
[BlackElo "1942"]
[PlyCount "66"]
[EventDate "2007.09.15"]
[EventType "team"]
[EventRounds "9"]
[EventCountry "GER"]
[SourceTitle "EXT 2009"]
[Source "ChessBase"]
[SourceDate "2008.11.26"]
[SourceVersion "1"]
[SourceVersionDate "2008.11.26"]
[SourceQuality "1"]
[WhiteTeam "Muenster SK V"]
[BlackTeam "Suedlohn II"]
[WhiteTeamCountry "GER"]
[BlackTeamCountry "GER"]

1. e4 e6 2. d4 d5 3. e5 c5 4. c3 Qb6 5. Nf3 Nc6 6. Bd3 cxd4 7. cxd4 Bd7 8. Be2 Nh6 9. b3 Bb4+ 10. Kf1 Nf5 11. a3 Be7 12. Bb2 0-0 13. h4 h5 14. Bd3 Nh6 15. Nc3 a5 16. Ne2 f6 17. Bc2 fxe5 18. dxe5 Ng4 19. Bd4 Bc5 20. Qd3 Rf5 21. Qd2 Bxd4 22. Nexd4 Nxd4 23. Qxd4 Qxd4 24. Nxd4 Rxf2+ 25. Ke1 Raf8 26. Bg6 Nxe5 27. Bxh5 Nd3+ 28. Kd1 Rxg2 29. Bf3 Rxf3 30. Nxf3 Nf2+ 31. Ke2 Nxh1+ 32. Kf1 Rg3 33. Nd4 Rd3 0-1

[Event "Muenster Cup-A 0607"]
[Site "Muenster"]
[Date "2006.09.05"]
[Round "1.3"]
[White "Kurzeja, Marian"]
[Black "Kemper, Georg"]
[Result "0-1"]
[WhiteElo "1772"]
[BlackElo "1928"]
[PlyCount "51"]
[EventDate "2006.??.??"]
[EventType "k.o."]
[EventRounds "3"]
[EventCountry "GER"]
[SourceTitle "EXT 2008"]
[Source "ChessBase"]
[SourceDate "2007.11.25"]
[SourceVersion "1"]
[SourceVersionDate "2007.11.25"]
[SourceQuality "1"]

1. e4 e6 2. Nf3 d5 3. Nc3 Nf6 4. e5 Nfd7 5. d4 c5 6. dxc5 Bxc5 7. Bd3 Nc6 8. Qe2 f6 9. exf6 Nxf6 10. Bg5 0-0 11. 0-0-0 Nb4 12. h4 Qa5 13. a3 Nxd3+ 14. Rxd3 b5 15. Bxf6 Rxf6 16. Nd4 b4 17. Nb3 Qc7 18. Nxc5 Qxc5 19. axb4 Qxb4 20. Rf3 Rxf3 21. Qxf3 Rb8 22. Nd1 d4 23. Qa3 Qb6 24. Rh3 e5 25. Rg3 Qc7 26. Rb3 0-1